书目信息 |
| 题名: |
肉制品与水产品的风味
|
|
| 作者: | 沙希迪, 著 ;李洁 , 朱国斌 译 | |
| 分册: | ||
| 出版信息: | 北京 中国轻工业出版社 2001.08 |
|
| 页数: | 360页 | |
| 开本: | 26cm | |
| 丛书名: | 美国现代食品科技系列 | |
| 单 册: | ||
| 中图分类: | TS251.5 | |
| 科图分类: | ||
| 主题词: | 肉制品--rou zhi pin--食品加工 , 水产品--shui chan pin--食品加工 | |
| 电子资源: | ||
| ISBN: | 7-5019-3261-1 | |
| 000 | 01267nam 2200337 450 | |
| 001 | 012008953061 | |
| 005 | 20080320162528.50 | |
| 010 | @a7-5019-3261-1@dCNY50.00 | |
| 100 | @a20080320d2001 km y0chiy0120 ea | |
| 101 | 1 | @achi@ceng |
| 102 | @aCN@b110000 | |
| 105 | @aa a 000yy | |
| 106 | @ar | |
| 200 | 1 | @a肉制品与水产品的风味@Arou zhi pin yu shui chan pin de feng wei@f(加) F. Shahidi著@F(jia)F.Shahidi zhu@g李洁, 朱国斌译@Gli jie,zhu guo bin yi |
| 210 | @a北京@c中国轻工业出版社@d2001.08 | |
| 215 | @a360页@c图@d26cm | |
| 225 | 2 | @a美国现代食品科技系列@Amei guo xian dai shi pin ke ji xi lie@v10 |
| 305 | @a据原文第二版译出。 | |
| 312 | @a英文题名取自封面。 | |
| 320 | @a有书目。 | |
| 330 | @a本书内容包括:肉类食品的风味概述,肉类风味化学,鱼肉的风味,肉中脂质衍生的异常风味,肉类食品风味的仪器分析方法等。 | |
| 410 | 0 | @12001 @a美国现代食品科技系列 |
| 510 | 1 | @aFlavor of meat, meat products and reafoods@zeng |
| 606 | 0 | @a肉制品@Arou zhi pin@x食品加工 |
| 606 | 0 | @a水产品@Ashui chan pin@x食品加工 |
| 690 | @aTS251.5@v4 | |
| 701 | 1 | @a沙希迪,@Asha xi di,@bF.@g(Shahidi, Fereidoon)@4著 |
| 702 | 0 | @a李洁@Ali jie@4译 |
| 702 | 0 | @a朱国斌@Azhu guo bin@4译 |
| 801 | 0 | @aCN@bQSSK@c20080320 |
| 905 | @b20289006-08@dTS251.5@eS064@f3 | |
| 肉制品与水产品的风味/(加) F. Shahidi著/李洁, 朱国斌译.-北京:中国轻工业出版社,2001.08 |
| 360页:图;26cm.-(美国现代食品科技系列;10) |
| ISBN 7-5019-3261-1:CNY50.00 |
| 本书内容包括:肉类食品的风味概述,肉类风味化学,鱼肉的风味,肉中脂质衍生的异常风味,肉类食品风味的仪器分析方法等。 |
| ● |
| 相关链接 |
|
|
|
正题名:肉制品与水产品的风味
索取号:TS251.5/S064
 
预约/预借
| 序号 | 登录号 | 条形码 | 馆藏地/架位号 | 状态 | 备注 |
| 1 | 289006 | 202890069 | 期刊室512/501自科库 42排1列3层/ [索取号:TS251.5/S064] | 在馆 | |
| 2 | 289007 | 202890078 | 自科库501/501自科库 42排1列3层/ [索取号:TS251.5/S064] | 在馆 | |
| 3 | 289008 | 202890087 | 自科库501/501自科库 42排1列3层/ [索取号:TS251.5/S064] | 在馆 |